000
00283nam a22001337a 4500
008
170824b xxu||||| |||| 00| 0 eng d
020
_a
9780070522626
041
_a
eng
080
_a
51
100
_a
38
101
_a
MAT
245
_a
ELEMENTARY ALGEBRA
_c
RICH,B
942
_2
udc
_c
BK
999
_c
24955
_d
24955